01779nam a2200361 i 4500001001000000003000900010005001700019007000300036008004100039040003000080082002400110100004600134245008500180246005300265260002700318264005100345300002800396336002700424337003300451338002800484500007300512590006300585590002800648651006800676651005800744910000700802942001400809952011800823952012800941952014001069952019301209999001501402000004521DO-SdBNP20260128103931.0ta090723s1982 dr 000 0 spa d aDO-SdBNPbspacBNPHUerda 4a320.97293bI43a2221 aInfante, Fernando A.,913210eautor4aut.10aAquelarre :b4 años de política dominicana 1978-1982 /cFernando A. Infante.13bcuatro años de política dominicana 1978-1982 aSanto Domingo :c1982. 4aSanto Domingo :bEditora Alfa & Omega,c@1982. a212 páginas ;c21 cm. atextobtxt2rdacontent asin mediaciónbn2rdamedia avolumenbnc2rdacarrier aIncluye referencias bibliográficas y notas al pie de las páginas aLa biblioteca posee 1 ejemplar autográfiado por el autor aInventariado, 2023 / DG 4aRepública DominicanaxPolítica y gobiernoy1978-1982913211 7aRepública Dominicana xHistoria y1961-965722LEMB aDG 2ddccLBS1 00102ddc51708PDaBNPHUbBNPHUcHDd2009-07-23oBNPHU PD 320.97293 I43ap4521-10r2020-06-25w2020-06-25yLBS1 00102ddc51708PDaBNPHUbBNPHUcHDd2023-02-02l0oBNPHU PD 320.97293 I43ap2023-0532r2023-02-02te.2w2023-02-02yLBS1 00102ddc56708DSaBNPHUbBNPHUcHDd2023-02-02eDonaciónl0oBNPHU DS 320.97293 I43ap2023-0548r2023-02-02te.3w2023-02-02yLBS1 00102ddc56708DSaBNPHUbBNPHUcHDd2024-09-11l0oBNPHU DS 320.97293 I43ap2024-5314r2024-09-11te.4w2024-09-11yLBS1zPerteneció a la biblioteca personal de Emilio Cordero Michel. c4330d4330